[Event "Oberliga Ost A 2017 2018"]
[Site "Germany"]
[Date "2018.01.21"]
[Round "5.2"]
[White "Pulpan, Jakub"]
[Black "Schweitzer, Andreas"]
[Result "0-1"]
[WhiteElo "2390"]
[BlackElo "2228"]
[PlyCount "74"]
[EventDate "2017.10.22"]
[EventType "team-tourn"]
[EventCountry "GER"]
[WhiteTeam "Aue ESV Nickelhuette II"]
[BlackTeam "Coswig TuS"]
[WhiteTeamCountry "GER"]
[BlackTeamCountry "GER"]

1. e4 c5 2. Nf3 e6 3. d4 cxd4 4. Nxd4 Nc6 5. Nc3 Qc7 6. Qd3 Nxd4 7. Qxd4 a6 8.
Be3 b5 9. f4 Bb7 10. Be2 Nf6 11. Bf3 b4 12. Na4 d5 13. e5 Nd7 14. b3 Bc6 15.
Nb6 Nxb6 16. Qxb6 Qxb6 17. Bxb6 Bb5 18. Kd2 Be7 19. Ba5 Kd7 20. Rhc1 Rhc8 21.
a3 bxa3 22. c4 dxc4 23. Bxa8 cxb3 24. Rxc8 Kxc8 25. Kc3 b2 26. Rb1 a2 27. Kxb2
axb1=Q+ 28. Kxb1 Bc5 29. Bd2 Kc7 30. Be4 Bc6 31. Bxh7 Bxg2 32. Kb2 g6 33. Bg8
Kd7 34. f5 Bd4+ 35. Kb3 Bd5+ 36. Kb4 exf5 37. Bf4 Ke7 0-1

[Event "Oberliga Ost A 2017 2018"]
[Site "Germany"]
[Date "2018.01.21"]
[Round "5.3"]
[White "Mueller, Richard"]
[Black "Cerveny, Martin"]
[Result "1/2-1/2"]
[WhiteElo "2161"]
[BlackElo "2381"]
[PlyCount "58"]
[EventDate "2017.10.22"]
[EventType "team-tourn"]
[EventCountry "GER"]
[WhiteTeam "Coswig TuS"]
[BlackTeam "Aue ESV Nickelhuette II"]
[WhiteTeamCountry "GER"]
[BlackTeamCountry "GER"]

1. d4 d6 2. e4 Nf6 3. f3 g6 4. c4 Bg7 5. Nc3 O-O 6. Be3 c5 7. Nge2 Nc6 8. Qd2
a6 9. Rd1 Qa5 10. Nd5 Nxd5 11. cxd5 Qxd2+ 12. Rxd2 cxd4 13. Nxd4 Nxd4 14. Bxd4
f5 15. Bxg7 Kxg7 16. Rc2 fxe4 17. fxe4 e6 18. Bc4 Rf4 19. Re2 e5 20. g3 Rf7 21.
Rf1 Rc7 22. Rc2 Bh3 23. Rff2 Rac8 24. Bd3 h5 25. Rxc7+ Rxc7 26. Rc2 Rf7 27. Rf2
Re7 28. Kd2 Rc7 29. Be2 Bd7 1/2-1/2

[Event "Oberliga Ost A 2017 2018"]
[Site "Germany"]
[Date "2018.01.21"]
[Round "5.4"]
[White "Wichmann, Cliff"]
[Black "Escher, Thomas"]
[Result "0-1"]
[WhiteElo "2297"]
[BlackElo "2150"]
[PlyCount "114"]
[EventDate "2017.10.22"]
[EventType "team-tourn"]
[EventCountry "GER"]
[WhiteTeam "Aue ESV Nickelhuette II"]
[BlackTeam "Coswig TuS"]
[WhiteTeamCountry "GER"]
[BlackTeamCountry "GER"]

1. d4 d5 2. Nf3 Nc6 3. e3 Bg4 4. h3 Bxf3 5. Qxf3 e5 6. Bb5 e4 7. Qe2 Nge7 8. c4
a6 9. Ba4 dxc4 10. Bc2 f5 11. Qxc4 Qd6 12. a3 b5 13. Qe2 Nd5 14. O-O Be7 15. f3
O-O 16. fxe4 fxe4 17. Rxf8+ Rxf8 18. Bxe4 Bh4 19. Nc3 Nf6 20. Bf3 Re8 21. Qc2
Nxd4 22. Qd1 Nxf3+ 23. Qxf3 Be1 24. Qe2 Bxc3 25. bxc3 Qe5 26. Qd3 Ne4 27. Bd2
Nxd2 28. Qxd2 Qxe3+ 29. Qxe3 Rxe3 30. Rc1 Re4 31. Kf2 Kf7 32. Kf3 Ra4 33. Ra1
c5 34. Ke3 Ke6 35. Kd3 Kd5 36. Kc2 Rf4 37. Rd1+ Kc4 38. Rd2 g5 39. Re2 h5 40.
Kb2 Kd3 41. Re5 Rf2+ 42. Kb3 c4+ 43. Kb4 Rxg2 44. Rd5+ Ke4 45. Rd6 g4 46. hxg4
hxg4 47. Rxa6 Rb2+ 48. Kc5 g3 49. Rg6 Kf3 50. Rf6+ Ke3 51. Rg6 Kf2 52. Rf6+ Ke1
53. Rg6 g2 54. Rxg2 Rxg2 55. Kxb5 Rg4 56. a4 Kd2 57. Kb4 Kd3 0-1

[Event "Oberliga Ost A 2017 2018"]
[Site "Germany"]
[Date "2018.01.21"]
[Round "5.6"]
[White "Heinz, Juergen"]
[Black "Merker, Matthias"]
[Result "1-0"]
[WhiteElo "2222"]
[BlackElo "2133"]
[PlyCount "77"]
[EventDate "2017.10.22"]
[EventType "team-tourn"]
[EventCountry "GER"]
[WhiteTeam "Aue ESV Nickelhuette II"]
[BlackTeam "Coswig TuS"]
[WhiteTeamCountry "GER"]
[BlackTeamCountry "GER"]

1. Nf3 Nf6 2. c4 e6 3. Nc3 d5 4. e3 c5 5. d4 cxd4 6. exd4 Be7 7. Bf4 O-O 8. Rc1
Ne4 9. Bd3 f5 10. O-O Nc6 11. cxd5 exd5 12. Nxd5 Bd6 13. Re1 Be6 14. Bxd6 Qxd6
15. Nc3 Nxc3 16. bxc3 Bxa2 17. Ne5 Be6 18. f4 Rac8 19. Qe2 Rf6 20. Qe3 a6 21.
Nxc6 Qxc6 22. c4 Bd7 23. d5 Qc5 24. Kf2 Rd6 25. Qxc5 Rxc5 26. Ke3 Kf7 27. Kd4
b6 28. Rb1 Ra5 29. Rb2 Rh6 30. h3 b5 31. c5 Ra4+ 32. Ke5 Rf6 33. Rc1 Ke7 34.
d6+ Kf7 35. c6 Re6+ 36. Kd5 Bc8 37. d7 Bxd7 38. cxd7 Re3 39. Bxf5 1-0

[Event "Oberliga Ost A 2017 2018"]
[Site "Germany"]
[Date "2018.01.21"]
[Round "5.7"]
[White "Liebscher, Sebastian"]
[Black "Floeter, Frank"]
[Result "1/2-1/2"]
[WhiteElo "2031"]
[BlackElo "2123"]
[PlyCount "104"]
[EventDate "2017.10.22"]
[EventType "team-tourn"]
[EventCountry "GER"]
[WhiteTeam "Coswig TuS"]
[BlackTeam "Aue ESV Nickelhuette II"]
[WhiteTeamCountry "GER"]
[BlackTeamCountry "GER"]

1. e4 Nf6 2. e5 Nd5 3. d4 d6 4. c4 Nb6 5. exd6 exd6 6. Nf3 Be7 7. Be3 O-O 8.
Be2 Nc6 9. O-O Bg4 10. b3 d5 11. c5 Nc8 12. Nc3 Bf6 13. b4 a6 14. a4 N8e7 15.
h3 Bxf3 16. Bxf3 Nxb4 17. a5 Nbc6 18. Ra4 b5 19. cxb6 cxb6 20. axb6 Qxb6 21.
Nxd5 Nxd5 22. Bxd5 Rad8 23. Qb3 Qxb3 24. Bxb3 Nxd4 25. Bxd4 Bxd4 26. Rxa6 Rb8
27. Bd5 Rfd8 28. Bc4 Rdc8 29. Ra4 Rd8 30. Kh1 Ra8 31. Rxa8 Rxa8 32. f3 Be5 33.
Re1 Bg3 34. Rd1 g5 35. Kg1 Rb8 36. Kf1 Re8 37. Bd5 Re3 38. Be4 Kg7 39. Bd3 h6
40. Kg1 h5 41. Kf1 Kf6 42. Be2 Rb3 43. f4 Bxf4 44. Bxh5 Rb7 45. Kf2 Rb2+ 46.
Be2 Ke5 47. Kf3 f5 48. g4 fxg4+ 49. hxg4 Bd2 50. Bd3 Bf4 51. Bf5 Rb3+ 52. Rd3
Rxd3+ 1/2-1/2

[Event "Oberliga Ost A 2017 2018"]
[Site "Germany"]
[Date "2018.01.21"]
[Round "5.1"]
[White "Natsidis, Christoph"]
[Black "Spreng, Simon"]
[Result "1-0"]
[WhiteElo "2335"]
[BlackElo "2235"]
[PlyCount "143"]
[EventDate "2017.10.22"]
[EventType "team-tourn"]
[EventCountry "GER"]
[WhiteTeam "Leipzig SG"]
[BlackTeam "Dessau SK"]
[WhiteTeamCountry "GER"]
[BlackTeamCountry "GER"]

1. d4 d6 2. e4 Nf6 3. f3 d5 4. e5 Nfd7 5. f4 c5 6. Nf3 e6 7. Nc3 Nc6 8. Ne2 Be7
9. c3 f6 10. a3 a5 11. b3 O-O 12. Ng3 cxd4 13. cxd4 f5 14. Bb5 Na7 15. Bd3 b5
16. O-O Nb6 17. Bd2 a4 18. b4 Nc4 19. Bc1 Bd7 20. Ra2 Qb6 21. Raf2 Nc6 22. Bxc4
bxc4 23. Ne2 Na7 24. Nc3 Qa6 25. h3 Nb5 26. Bb2 Be8 27. Ne1 h6 28. Nc2 Bh4 29.
Rd2 g5 30. g3 Bxg3 31. Rg2 Bh4 32. fxg5 hxg5 33. Nxb5 Qxb5 34. Bc1 Ra7 35. Bxg5
Bxg5 36. Rxg5+ Kh8 37. Kf2 Rh7 38. Rfg1 Bf7 39. Qf1 Qe8 40. Ne1 Rg8 41. Nf3
Rxg5 42. Nxg5 Rg7 43. Ke3 Bg8 44. Qd1 Qg6 45. Qf3 Bf7 46. Qf4 Kg8 47. Nf3 Qh7
48. Rxg7+ Qxg7 49. Qg5 Be8 50. Qd8 Qg6 51. Qg5 Kh7 52. h4 Bb5 53. Qd8 Qg3 54.
Qe7+ Kh8 55. Qg5 Qh3 56. Qh6+ Kg8 57. Qxe6+ Kf8 58. Qd6+ Kg7 59. Qc7+ Kg6 60.
h5+ Kh6 61. Qb6+ Kxh5 62. Qxb5 Kg4 63. Qxd5 f4+ 64. Kd2 Qg2+ 65. Kc3 Qe2 66. b5
Qd3+ 67. Kb4 Qb3+ 68. Ka5 c3 69. Qc6 c2 70. Ne1 f3 71. Nxc2 f2 72. Qg2+ 1-0

[Event "Oberliga Ost A 2017 2018"]
[Site "Germany"]
[Date "2018.01.21"]
[Round "5.2"]
[White "Matthey, Harald"]
[Black "Schubert, Thomas"]
[Result "1/2-1/2"]
[WhiteElo "2108"]
[BlackElo "2320"]
[PlyCount "61"]
[EventDate "2017.10.22"]
[EventType "team-tourn"]
[EventCountry "GER"]
[WhiteTeam "Dessau SK"]
[BlackTeam "Leipzig SG"]
[WhiteTeamCountry "GER"]
[BlackTeamCountry "GER"]

1. b3 d5 2. Bb2 c5 3. e3 a6 4. Nf3 Nc6 5. d4 Nf6 6. a3 cxd4 7. Nxd4 g6 8. c4
Nxd4 9. Qxd4 Be6 10. cxd5 Qxd5 11. Qxd5 Bxd5 12. Nd2 Bg7 13. f3 O-O 14. e4 Be6
15. Bc4 Bxc4 16. Nxc4 Rac8 17. a4 Nd7 18. Bxg7 Kxg7 19. Ke2 Nc5 20. Nb6 Rc6 21.
Nd5 e6 22. Ne3 Nxb3 23. Rab1 Na5 24. Rhd1 Rc7 25. g4 h6 26. h4 Nc4 27. Nxc4
Rxc4 28. Rxb7 Rxa4 29. Rdd7 Ra2+ 30. Ke3 Rh2 31. Ra7 1/2-1/2

[Event "Oberliga Ost A 2017 2018"]
[Site "Germany"]
[Date "2018.01.21"]
[Round "5.3"]
[White "Hoffmann, Hendrik"]
[Black "Schubert, Ralf"]
[Result "1-0"]
[WhiteElo "2298"]
[BlackElo "2148"]
[PlyCount "87"]
[EventDate "2017.10.22"]
[EventType "team-tourn"]
[EventCountry "GER"]
[WhiteTeam "Leipzig SG"]
[BlackTeam "Dessau SK"]
[WhiteTeamCountry "GER"]
[BlackTeamCountry "GER"]

1. e4 d6 2. d4 Nf6 3. Nc3 g6 4. Nf3 Bg7 5. Be2 O-O 6. O-O Nc6 7. d5 Ne5 8. Nxe5
dxe5 9. Be3 Ne8 10. f3 Nd6 11. Na4 e6 12. dxe6 Bxe6 13. Nc5 Bc4 14. b3 Bxe2 15.
Qxe2 b6 16. Na4 f5 17. Nc3 Qh4 18. Rad1 fxe4 19. Nxe4 Nxe4 20. Qc4+ Kh8 21.
Qxe4 Qe7 22. Rd5 Rad8 23. Rfd1 Rxd5 24. Qxd5 Bf6 25. Bc1 Kg7 26. Bb2 Re8 27. h3
Qb4 28. a3 Qf4 29. Re1 Qf5 30. Qc6 Re7 31. a4 Kf7 32. Rd1 Qe6 33. Qe4 Rd7 34.
Re1 Rd2 35. Bc3 Rd5 36. f4 Qc6 37. fxe5 Qc5+ 38. Kh1 Be7 39. Rf1+ Ke8 40. Qf3
c6 41. g3 b5 42. axb5 cxb5 43. Bb4 Qd4 44. Qf7+ 1-0

[Event "Oberliga Ost A 2017 2018"]
[Site "Germany"]
[Date "2018.01.21"]
[Round "5.4"]
[White "Erler, Rainer"]
[Black "Boehnisch, Manfred"]
[Result "0-1"]
[WhiteElo "2100"]
[BlackElo "2297"]
[PlyCount "94"]
[EventDate "2017.10.22"]
[EventType "team-tourn"]
[EventCountry "GER"]
[WhiteTeam "Dessau SK"]
[BlackTeam "Leipzig SG"]
[WhiteTeamCountry "GER"]
[BlackTeamCountry "GER"]

1. e4 c6 2. d4 d5 3. e5 c5 4. c4 cxd4 5. Nf3 Bg4 6. cxd5 Qxd5 7. Nc3 Bxf3 8.
Nxd5 Bxd1 9. Nc7+ Kd7 10. Nxa8 Bc2 11. e6+ fxe6 12. Nc7 Nc6 13. Nb5 e5 14. Na3
Be4 15. f3 Bd5 16. Nc2 e4 17. Bb5 e5 18. fxe4 Bxe4 19. O-O Nf6 20. Ne1 Bc5 21.
Bg5 Ke6 22. Nd3 Bxd3 23. Bxd3 Nb4 24. Bf5+ Kd5 25. a3 Nc6 26. Rae1 h6 27. Bxf6
gxf6 28. Be4+ Ke6 29. Rc1 Bd6 30. b4 Rf8 31. Rf5 a5 32. b5 Ne7 33. Rh5 Bxa3 34.
Ra1 Bb4 35. Bxb7 Rb8 36. Be4 Bd2 37. Bd3 f5 38. Kf1 e4 39. Ke2 Bc3 40. Bc4+ Ke5
41. Ra4 Rb6 42. g3 Rd6 43. Ra3 d3+ 44. Kd1 Kd4 45. Bf7 Bb4 46. Ra2 Rf6 47. Be8
Nd5 0-1

[Event "Oberliga Ost A 2017 2018"]
[Site "Germany"]
[Date "2018.01.21"]
[Round "5.5"]
[White "Roesemann, Rainer"]
[Black "Leibovitch, Iziaslav"]
[Result "1-0"]
[WhiteElo "2208"]
[BlackElo "2125"]
[PlyCount "85"]
[EventDate "2017.10.22"]
[EventType "team-tourn"]
[EventCountry "GER"]
[WhiteTeam "Leipzig SG"]
[BlackTeam "Dessau SK"]
[WhiteTeamCountry "GER"]
[BlackTeamCountry "GER"]

1. d4 Nf6 2. Bf4 g6 3. e3 Bg7 4. Nf3 O-O 5. Be2 d6 6. h3 Nbd7 7. O-O Qe8 8. c4
e5 9. Bh2 Qe7 10. Nc3 Re8 11. Nb5 e4 12. Nd2 Nf8 13. c5 Rd8 14. cxd6 cxd6 15.
Qb3 a6 16. Nc3 Be6 17. Qa3 b5 18. Ncxe4 Ne8 19. Bf3 Ra7 20. Rfc1 a5 21. Qd3 b4
22. a3 h5 23. axb4 axb4 24. Qb5 Rxa1 25. Rxa1 f5 26. Ng3 Qc7 27. Qxb4 Rb8 28.
Qc3 Qb6 29. b3 Rc8 30. Qa5 Qb8 31. Ne2 Nf6 32. Nf4 Bf7 33. Nd5 Rc2 34. Nxf6+
Bxf6 35. Bd5 Ne6 36. Nf1 Kg7 37. Qa7 Qe8 38. Bxd6 f4 39. Bxf4 Nxf4 40. exf4 Kf8
41. Bxf7 Qe2 42. Bd5 Qxf2+ 43. Kh1 1-0

[Event "Oberliga Ost A 2017 2018"]
[Site "Germany"]
[Date "2018.01.21"]
[Round "5.6"]
[White "Ozeran, Volodymyr"]
[Black "Rausch, Stephan"]
[Result "1/2-1/2"]
[WhiteElo "2087"]
[BlackElo "2229"]
[PlyCount "109"]
[EventDate "2017.10.22"]
[EventType "team-tourn"]
[EventCountry "GER"]
[WhiteTeam "Dessau SK"]
[BlackTeam "Leipzig SG"]
[WhiteTeamCountry "GER"]
[BlackTeamCountry "GER"]

1. d4 d5 2. Nf3 c6 3. g3 Bg4 4. Bg2 Nd7 5. Nbd2 Ngf6 6. O-O e6 7. c4 Bd6 8. Qb3
Rb8 9. Re1 O-O 10. e4 dxe4 11. Nxe4 Nxe4 12. Rxe4 Nf6 13. Bg5 Bf5 14. Ree1 h6
15. Be3 Be4 16. Ne5 Bxg2 17. Kxg2 a6 18. Rad1 Qc7 19. Nd3 Rbd8 20. f3 Qc8 21.
a4 Rfe8 22. Qc3 Nd7 23. b3 Be7 24. Nf2 Nf6 25. Nd3 Nh7 26. Ne5 Bf6 27. Ng4 Bg5
28. Bf2 Nf6 29. Ne5 Nd7 30. Nd3 Bf6 31. Qc2 Nf8 32. Nc5 Be7 33. Nd3 Ng6 34. Be3
Bf6 35. Nf2 Rd7 36. Rd3 Red8 37. Red1 Qb8 38. Ne4 Be7 39. Nc3 Bb4 40. Ne2 Ne7
41. Bf2 Qc7 42. Nc3 Nf5 43. Ne4 Be7 44. Qe2 Bf8 45. g4 Nd6 46. Nc5 Re7 47. Bh4
g5 48. Bg3 Qc8 49. Bxd6 Rxd6 50. Ne4 Rd8 51. Nf6+ Kg7 52. Qe5 Qb8 53. Nh5+ Kg8
54. Nf6+ Kg7 55. Nh5+ 1/2-1/2

[Event "Oberliga Ost A 2017 2018"]
[Site "Germany"]
[Date "2018.01.21"]
[Round "5.7"]
[White "Schultz, Andreas"]
[Black "Schaefer, Sven"]
[Result "1/2-1/2"]
[WhiteElo "2215"]
[BlackElo "2001"]
[PlyCount "39"]
[EventDate "2017.10.22"]
[EventType "team-tourn"]
[EventCountry "GER"]
[WhiteTeam "Leipzig SG"]
[BlackTeam "Dessau SK"]
[WhiteTeamCountry "GER"]
[BlackTeamCountry "GER"]

1. d4 Nf6 2. Nf3 g6 3. c4 Bg7 4. Nc3 d6 5. e4 O-O 6. Be2 e5 7. O-O Nh5 8. Be3
Nf4 9. Qd2 Nxe2+ 10. Qxe2 Nc6 11. dxe5 Nxe5 12. Nxe5 Bxe5 13. f3 f5 14. Qd2 Be6
15. b3 fxe4 16. fxe4 Qh4 17. g3 Bxg3 18. hxg3 Qxg3+ 19. Kh1 Qh3+ 20. Kg1
1/2-1/2

[Event "Oberliga Ost A 2017 2018"]
[Site "Germany"]
[Date "2018.01.21"]
[Round "5.8"]
[White "Huebner, Walter"]
[Black "Braun, Gottfried"]
[Result "0-1"]
[WhiteElo "1817"]
[BlackElo "2220"]
[PlyCount "30"]
[EventDate "2017.10.22"]
[EventType "team-tourn"]
[EventCountry "GER"]
[WhiteTeam "Dessau SK"]
[BlackTeam "Leipzig SG"]
[WhiteTeamCountry "GER"]
[BlackTeamCountry "GER"]

1. f4 g6 2. Nf3 Bg7 3. e4 d5 4. exd5 Qxd5 5. Nc3 Qd8 6. Bc4 Nh6 7. O-O O-O 8.
d3 Nc6 9. Qe1 Nf5 10. Ne4 Ncd4 11. Qf2 b5 12. Bb3 a5 13. Nc3 Bb7 14. a3 Bxf3
15. gxf3 Nxb3 0-1

[Event "Oberliga Ost A 2017 2018"]
[Site "Germany"]
[Date "2018.01.21"]
[Round "5.1"]
[White "Niegsch, Nicolas"]
[Black "Zwahr, Paul"]
[Result "0-1"]
[WhiteElo "2232"]
[BlackElo "2306"]
[PlyCount "84"]
[EventDate "2017.10.22"]
[EventType "team-tourn"]
[EventCountry "GER"]
[WhiteTeam "Loeberitz SG"]
[BlackTeam "Dresden SG Gruen Weiss"]
[WhiteTeamCountry "GER"]
[BlackTeamCountry "GER"]

1. Nf3 Nf6 2. c4 g6 3. b3 Bg7 4. Bb2 O-O 5. g3 d6 6. d4 Nbd7 7. Bg2 e5 8. dxe5
Ng4 9. O-O dxe5 10. h3 Nh6 11. e4 f6 12. Nc3 Nf7 13. Qc2 c6 14. Rad1 Qc7 15. h4
Rd8 16. h5 Nf8 17. Nh4 Bg4 18. hxg6 hxg6 19. f3 Be6 20. c5 b6 21. Na4 b5 22.
Nc3 a5 23. Bc1 Bh6 24. Bxh6 Nxh6 25. Qc1 Kg7 26. Ne2 Rxd1 27. Rxd1 Rd8 28. Rf1
Rd3 29. Kh1 Qd7 30. Qe1 Rd2 31. Nc1 Bh3 32. g4 Bxg2+ 33. Nxg2 Ne6 34. Qg3 Nf7
35. Ne3 Nf4 36. Kg1 Qd4 37. Qe1 Ng5 38. Kh1 Rb2 39. b4 Qd8 40. Qh4 Qd2 41. Rd1
Qxe3 42. Rd7+ Kg8 0-1

[Event "Oberliga Ost A 2017 2018"]
[Site "Germany"]
[Date "2018.01.21"]
[Round "5.2"]
[White "Siedentopf, Daniel"]
[Black "Stein, Robert"]
[Result "1-0"]
[WhiteElo "2268"]
[BlackElo "2253"]
[PlyCount "87"]
[EventDate "2017.10.22"]
[EventType "team-tourn"]
[EventCountry "GER"]
[WhiteTeam "Dresden SG Gruen Weiss"]
[BlackTeam "Loeberitz SG"]
[WhiteTeamCountry "GER"]
[BlackTeamCountry "GER"]

1. d4 Nf6 2. c4 e6 3. Nc3 Bb4 4. e3 O-O 5. Nge2 c6 6. a3 Ba5 7. b4 Bc7 8. Ng3
d5 9. cxd5 exd5 10. Bd3 Re8 11. a4 a5 12. b5 c5 13. O-O cxd4 14. exd4 Bg4 15.
Qb3 Bb6 16. Nce2 Nbd7 17. f3 Be6 18. Kh1 Nf8 19. Ba3 h5 20. Rfe1 h4 21. Nf5 Qd7
22. Nd6 Reb8 23. Rac1 g6 24. Nf4 Bc7 25. Rxc7 Qxc7 26. b6 Qd8 27. Bxg6 Nxg6 28.
Nxg6 Nd7 29. Nb5 Qg5 30. Ne7+ Kh8 31. Nc7 Rg8 32. Qc2 h3 33. g3 Qf6 34. Qd3
Rgd8 35. Nexd5 Bxd5 36. Nxd5 Qg6 37. Re4 Nf6 38. Nxf6 Qxf6 39. Rh4+ Qxh4 40.
gxh4 Re8 41. Kg1 Rg8+ 42. Kf1 Rg2 43. Qf5 Re8 44. Be7 1-0

[Event "Oberliga Ost A 2017 2018"]
[Site "Germany"]
[Date "2018.01.21"]
[Round "5.3"]
[White "Pallas, Sebastian"]
[Black "Gehmlich, Marcel"]
[Result "1-0"]
[WhiteElo "2230"]
[BlackElo "2187"]
[PlyCount "79"]
[EventDate "2017.10.22"]
[EventType "team-tourn"]
[EventCountry "GER"]
[WhiteTeam "Loeberitz SG"]
[BlackTeam "Dresden SG Gruen Weiss"]
[WhiteTeamCountry "GER"]
[BlackTeamCountry "GER"]

1. e4 c5 2. Nf3 e6 3. d4 cxd4 4. Nxd4 a6 5. Bd3 Qc7 6. O-O Nf6 7. Qe2 d6 8. c4
Be7 9. Nc3 O-O 10. Kh1 Nbd7 11. f4 b6 12. Bd2 Bb7 13. Rae1 g6 14. f5 exf5 15.
exf5 Ne5 16. fxg6 hxg6 17. Bg5 Nh5 18. Bxe7 Qxe7 19. Be4 Qh4 20. Kg1 Bxe4 21.
Qxe4 Qxe4 22. Nxe4 Nxc4 23. g4 f5 24. gxf5 gxf5 25. Nxf5 Kh7 26. b3 Ne5 27.
Nexd6 Rg8+ 28. Kh1 Ng6 29. Ne7 Nxe7 30. Rxe7+ Rg7 31. Re5 Kg6 32. Re6+ Kg5 33.
Rf5+ Kh4 34. Ree5 Rh8 35. Nf7 Rhh7 36. Ng5 Rxg5 37. Rxg5 Nf4 38. Rg1 Nd3 39.
Rf5 Re7 40. Rf8 1-0

[Event "Oberliga Ost A 2017 2018"]
[Site "Germany"]
[Date "2018.01.21"]
[Round "5.4"]
[White "Zimmermann, Rene"]
[Black "Proehl, Holger"]
[Result "0-1"]
[WhiteElo "2173"]
[BlackElo "2364"]
[PlyCount "76"]
[EventDate "2017.10.22"]
[EventType "team-tourn"]
[EventCountry "GER"]
[WhiteTeam "Dresden SG Gruen Weiss"]
[BlackTeam "Loeberitz SG"]
[WhiteTeamCountry "GER"]
[BlackTeamCountry "GER"]

1. d4 e6 2. Nf3 Nf6 3. c3 Be7 4. Bg5 d6 5. Nbd2 Nbd7 6. h3 O-O 7. e4 e5 8. Be2
c6 9. O-O Re8 10. dxe5 dxe5 11. Qc2 Qc7 12. Nc4 Bf8 13. Ne3 h6 14. Bh4 Nh5 15.
Ne1 Nf4 16. Nd3 Nc5 17. Nxc5 Bxc5 18. Ng4 a5 19. Bg3 Be6 20. Rfe1 f6 21. Bf1
Qf7 22. b3 Rad8 23. Ne3 Kh8 24. Bc4 Bxe3 25. Bxe6 Bxf2+ 26. Qxf2 Nxe6 27. Bxe5
Ng5 28. Bd4 Nxe4 29. Qf4 Qg6 30. Qc7 c5 31. Be3 Nxc3 32. Qxc5 Nd5 33. Qxa5 b6
34. Bxb6 Nf4 35. g4 Qc2 36. Bf2 Nxh3+ 37. Kg2 Qxf2+ 38. Kh1 Nf4 0-1

[Event "Oberliga Ost A 2017 2018"]
[Site "Germany"]
[Date "2018.01.21"]
[Round "5.5"]
[White "Schuetze, Norman"]
[Black "Hutsch, Oliver"]
[Result "1-0"]
[WhiteElo "2282"]
[BlackElo "2161"]
[PlyCount "61"]
[EventDate "2017.10.22"]
[EventType "team-tourn"]
[EventCountry "GER"]
[WhiteTeam "Loeberitz SG"]
[BlackTeam "Dresden SG Gruen Weiss"]
[WhiteTeamCountry "GER"]
[BlackTeamCountry "GER"]

1. e4 c6 2. d4 d5 3. Nd2 dxe4 4. Nxe4 Bf5 5. Ng3 Bg6 6. h4 h6 7. Nf3 Nd7 8. h5
Bh7 9. Bd3 Bxd3 10. Qxd3 Ngf6 11. Bf4 e6 12. O-O-O Be7 13. Kb1 Qa5 14. Ne5 Nd5
15. Bd2 Nxe5 16. dxe5 Qc7 17. c4 Nb4 18. Bxb4 Bxb4 19. f4 O-O 20. Ne4 Rad8 21.
Qb3 Rxd1+ 22. Rxd1 Rd8 23. a3 Be7 24. Rd3 f6 25. exf6 Rxd3 26. fxe7 Rxb3 27.
e8=Q+ Kh7 28. Qg6+ Kh8 29. Nc5 Re3 30. Qe8+ Kh7 31. Nd7 1-0

[Event "Oberliga Ost A 2017 2018"]
[Site "Germany"]
[Date "2018.01.21"]
[Round "5.6"]
[White "Nake, Matthias"]
[Black "Schuster, Martin"]
[Result "1/2-1/2"]
[WhiteElo "2170"]
[BlackElo "2205"]
[PlyCount "41"]
[EventDate "2017.10.22"]
[EventType "team-tourn"]
[EventCountry "GER"]
[WhiteTeam "Dresden SG Gruen Weiss"]
[BlackTeam "Loeberitz SG"]
[WhiteTeamCountry "GER"]
[BlackTeamCountry "GER"]

1. e4 c6 2. d4 d5 3. Nc3 dxe4 4. Nxe4 Bf5 5. Ng3 Bg6 6. Nf3 Nd7 7. h4 h6 8. Bd3
Bxd3 9. Qxd3 Ngf6 10. Bd2 e6 11. O-O-O Qc7 12. Kb1 O-O-O 13. Qe2 Bd6 14. Ne4
Nxe4 15. Qxe4 Nf6 16. Qe2 Kb8 17. Rhe1 Bf4 18. Bxf4 Qxf4 19. Qe5+ Qxe5 20. Nxe5
Rhf8 21. c3 1/2-1/2

[Event "Oberliga Ost A 2017 2018"]
[Site "Germany"]
[Date "2018.01.21"]
[Round "5.7"]
[White "Schindler, Christian"]
[Black "Kunze, Christopher"]
[Result "1/2-1/2"]
[WhiteElo "2219"]
[BlackElo "2114"]
[PlyCount "127"]
[EventDate "2017.10.22"]
[EventType "team-tourn"]
[EventCountry "GER"]
[WhiteTeam "Loeberitz SG"]
[BlackTeam "Dresden SG Gruen Weiss"]
[WhiteTeamCountry "GER"]
[BlackTeamCountry "GER"]

1. d4 Nf6 2. Nf3 g6 3. b3 Bg7 4. Bb2 d5 5. e3 O-O 6. Be2 Nbd7 7. O-O Ne4 8. c4
c6 9. Nbd2 Ndf6 10. Ne5 h5 11. f3 Nxd2 12. Qxd2 Bh6 13. Bd3 Nd7 14. Nxd7 Bxd7
15. Rae1 Qb6 16. Qc2 Bg7 17. Rf2 Rad8 18. Bc3 Rc8 19. Qd2 a6 20. Ba5 Qa7 21.
Bb4 Rfe8 22. f4 f5 23. a4 Kf7 24. Rc1 Qb8 25. h4 Bf6 26. g3 e6 27. Bc5 Be7 28.
Bxe7 Kxe7 29. c5 b5 30. cxb6 Qxb6 31. Qc3 Ra8 32. a5 Qb8 33. Rb2 Qd6 34. b4
Reb8 35. Qd2 Bc8 36. Rc5 Bb7 37. Kf1 Rc8 38. Ke1 Kd7 39. Kd1 Rcb8 40. Kc1 Rd8
41. Kb1 Rdc8 42. Rbc2 Kd8 43. Rc1 Kd7 44. Rh1 Rh8 45. Qe2 Ke7 46. Ka2 Qd7 47.
Ka3 Qd6 48. Rc2 Qd7 49. Qe1 Qd6 50. Qc3 Kd7 51. Qc5 Qxc5 52. bxc5 Kc7 53. Rb2
Ra7 54. Rhb1 Rb8 55. Rb6 Rba8 56. Kb3 Rh8 57. Kc3 Rha8 58. Kd2 Rh8 59. Ke2 Rha8
60. Kf2 Rh8 61. Rh1 Raa8 62. Rb2 Ra7 63. Rbb1 Rh7 64. Rb3 1/2-1/2

[Event "Oberliga Ost A 2017 2018"]
[Site "Germany"]
[Date "2018.01.21"]
[Round "5.8"]
[White "Butscher, Daniel"]
[Black "Kalkhof, Stefan"]
[Result "1/2-1/2"]
[WhiteElo "2144"]
[BlackElo "2195"]
[PlyCount "94"]
[EventDate "2017.10.22"]
[EventType "team-tourn"]
[EventCountry "GER"]
[WhiteTeam "Dresden SG Gruen Weiss"]
[BlackTeam "Loeberitz SG"]
[WhiteTeamCountry "GER"]
[BlackTeamCountry "GER"]

1. Nf3 d6 2. d4 g6 3. g3 Bg7 4. Bg2 f5 5. O-O Nf6 6. b3 O-O 7. Bb2 c6 8. c4 Ne4
9. Nbd2 Qb6 10. e3 Na6 11. a3 Bd7 12. b4 Kh8 13. Qc2 Nxd2 14. Qxd2 Rad8 15. d5
cxd5 16. cxd5 Bxb2 17. Qxb2+ Kg8 18. Rac1 Rc8 19. Qa1 Rxc1 20. Rxc1 Rc8 21.
Rxc8+ Bxc8 22. h4 Nc7 23. h5 gxh5 24. Nd4 Nb5 25. Ne6 Bxe6 26. dxe6 d5 27. Qe5
Nd6 28. Qxd5 Qc7 29. Bf3 Qc1+ 30. Kg2 Qxa3 31. Qc5 Qa4 32. e4 Qc6 33. exf5 Qxc5
34. bxc5 Nxf5 35. Bxb7 Nd4 36. Bd5 Kg7 37. c6 Nb5 38. Kh3 Nc7 39. Bb3 Kf6 40.
Kh4 Nxe6 41. Kxh5 Ke5 42. Kh6 Kd6 43. Kxh7 Ng5+ 44. Kg7 Ne4 45. Kf7 Nxf2 46. c7
Kxc7 47. Kxe7 Kc6 1/2-1/2